Krušná přítomnost pod Krušnými horami.
Najzávažnejšie dôsledky ekologickej krízy na severe Čiech a jej dopady na obyvateľstvo. Nižšia stredná dĺžka života, vyššia miera potratovosti, nárast vrodených funkčných vád a vrodenej abnormality správania, negatívne ovplyvňovanie kvantity a kvality intelektuálnej a fyzickej práce. Totálne spustoš...
Gespeichert in:
| 1. Verfasser: | |
|---|---|
| Format: | Buchkapitel |
| Sprache: | Tschechisch |
| Schlagworte: | |
| Tags: |
Keine Tags, Fügen Sie das erste Tag hinzu!
|
MARC
| LEADER | 00000naa a2200000 4500 | ||
|---|---|---|---|
| 001 | r007283 | ||
| 005 | 20221125080623.7 | ||
| 041 | 0 | |a cze | |
| 044 | |a [CS] | ||
| 245 | 1 | 0 | |a Krušná přítomnost pod Krušnými horami. |c O. Grezlová |
| 520 | |a Najzávažnejšie dôsledky ekologickej krízy na severe Čiech a jej dopady na obyvateľstvo. Nižšia stredná dĺžka života, vyššia miera potratovosti, nárast vrodených funkčných vád a vrodenej abnormality správania, negatívne ovplyvňovanie kvantity a kvality intelektuálnej a fyzickej práce. Totálne spustošenie životného prostredia v najširšom slova zmysle spôsobuje množstvo negatívnych javov v sociálnej oblasti (nepriaznivá úroveň vzdelania, vysoká rozvodovosť, vysoký podiel sídliskovej zástavby atď.). | ||
| 610 | 2 | 0 | |a ekológia |
| 610 | 2 | 0 | |a Čechy |
| 610 | 2 | 0 | |a zdravie |
| 610 | 2 | 0 | |a úroveň životná |
| 100 | 1 | |a Grezlová, O. | |